Sugar High - Chappell Roan (All Lyrics) - Statistics

General Stats
  • This quiz has been taken 10 times
  • The average score is 205 of 238
Answer Stats
Lyrics % Correct
a
100%
And
100%
are
100%
drips
100%
get
100%
h
100%
h,
100%
high
100%
High,
100%
honey
100%
how
100%
I
100%
know
100%
lips
100%
man,
100%
me
100%
me,
100%
mine
100%
of
100%
Oh
100%
oh,
100%
so
100%
sugar
100%
taste
100%
the
100%
to
100%
you
100%
You
100%
your
100%
Your
100%
apple
86%
belongs
86%
candy
86%
Candy
86%
caramel
86%
heart
86%
hot
86%
in
86%
into
86%
is
86%
it
86%
it's
86%
kiss
86%
love
86%
Maybe
86%
my
86%
November
86%
off
86%
summer
86%
sweet
86%
sweet,
86%
way
86%
all
71%
at
71%
been
71%
before
71%
Chocolate
71%
covered
71%
down
71%
lay
71%
like
71%
lover,
71%
loving,
71%
made
71%
never
71%
night
71%
on
71%
Or
71%
store
71%
that
71%
turn
71%
words
71%
you've
71%
absolutely
57%
adore
57%
as
57%
awhile
57%
back
57%
Beautiful
57%
boy,
57%
cotton
57%
could
57%
day
57%
door
57%
for
57%
hands
57%
I'm
57%
July
57%
just
57%
knock
57%
laffy
57%
listen
57%
mouth
57%
Open
57%
our
57%
poetry
57%
quietly
57%
run
57%
speak
57%
taffy
57%
talk
57%
things
57%
voice
57%
wanna
57%
Whisper
57%
bodies,
43%
coating
43%
melts
43%
up
43%
About
29%
smile,
29%
No matching quizzes found
Score Distribution
Percent of People with Each Score
Percentile by Number Answered
Your Score History
You have not taken this quiz